Normal view
MARC view
- Murder
Entry Topical Term
001 - CONTROL NUMBER
- control field: 153570
003 - CONTROL NUMBER IDENTIFIER
- control field: TR-AnTOB
005 - DATE AND TIME OF LATEST TRANSACTION
- control field: 20260413091541.0
008 - FIXED-LENGTH DATA ELEMENTS
- fixed length control field: 260413n|eazannbab| |n aaa d
035 ## - SYSTEM CONTROL NUMBER
- System control number: (TR-AnTOB)153570
040 ## - CATALOGING SOURCE
- Original cataloging agency: SULEY
- Transcribing agency: SULEY
- Modifying agency: TR-AnTOB
150 ## - HEADING--TOPICAL TERM
- Topical term or geographic name entry element: Murder
- Geographic subdivision: Kansas
- Form subdivision: Case studies
450 ## - SEE FROM TRACING--TOPICAL TERM
- Topical term or geographic name entry element: Cinayet
- Geographic subdivision: Kansas
- Form subdivision: Durum çalışmaları
450 ## - SEE FROM TRACING--TOPICAL TERM
- Topical term or geographic name entry element: Cinayet
- Geographic subdivision: Kansas
- Form subdivision: Vaka çalışmaları
450 ## - SEE FROM TRACING--TOPICAL TERM
- Topical term or geographic name entry element: Cinayet
- Geographic subdivision: Kansas
- Form subdivision: Örnek olaylar
670 ## - SOURCE DATA FOUND
- Source citation: Work cat.: (SULEY)0: Capote, Truman, 1924-1984 133774 author, Soğukkanlılıkla :
688 ## - APPLICATION HISTORY NOTE
- Institution to which field applies: TR-AnTOB
- Application history note: Op 13.04.2026



